000
00262nam a2200097Ia 4500
001
1208511
005
20250827022847.0
008
250824s9999 xx 000 0 und d
245
0
_a
AŞKA AĞLAYAN VELİ
_c
HACI BEKTAŞI VELİ
260
_b
KARATAY AKADEMİ YAYINLARI
999
_c
1208511
_d
1208511